| 000 | 00540nmm a2200169Ia 4500 | ||
|---|---|---|---|
| 008 | 251105s9999||||xx |||||||||||||||||und|| | ||
| 020 | _a9789508453006 | ||
| 041 | _aspa | ||
| 100 | _aIrina Garbatzky | ||
| 245 | 0 |
_aLos ochenta recienvivos : _b Poesía y performance en el Río de la Plata |
|
| 264 |
_a[Buenos Aires, Argentina] : _bBeatriz Viterbo Editora, _c2013 |
||
| 300 | _a352 páginas | ||
| 490 | _aEnsayos críticos | ||
| 650 | _aLatin American poetry | ||
| 856 | _uhttps://public.digitaliapublishing.com/a/129598 | ||
| 942 | _cCF | ||
| 999 |
_c93359 _d93359 |
||